And to think that I saw it on Mulberry Street / (Record no. 2443)

MARC details
000 -LEADER
fixed length control field 01109cam a2200349 a 4500
001 - CONTROL NUMBER
control field 2443
003 - CONTROL NUMBER IDENTIFIER
control field FISKH
005 - DATE AND TIME OF LATEST TRANSACTION
control field 20250828155232.0
008 - FIXED-LENGTH DATA ELEMENTS--GENERAL INFORMATION
fixed length control field 881128t19891937nyua j 000 1 eng
010 ## - LIBRARY OF CONGRESS CONTROL NUMBER
LC control number 88038411
020 ## - INTERNATIONAL STANDARD BOOK NUMBER
International Standard Book Number 0394944941 (lib. bdg.)
020 ## - INTERNATIONAL STANDARD BOOK NUMBER
International Standard Book Number 0394844947 (hard)
020 ## - INTERNATIONAL STANDARD BOOK NUMBER
International Standard Book Number 9780394844947
040 ## - CATALOGING SOURCE
Original cataloging agency DLC
Transcribing agency DLC
Modifying agency DLC
Language of cataloging eng
042 ## - AUTHENTICATION CODE
Authentication code lcac
050 00 - LIBRARY OF CONGRESS CALL NUMBER
Classification number PZ8.3.G276
Item number An 1989
082 00 - DEWEY DECIMAL CLASSIFICATION NUMBER
Classification number [E]
Edition number 19
100 1# - MAIN ENTRY--PERSONAL NAME
Personal name Seuss,
Titles and words associated with a name Dr.
245 10 - TITLE STATEMENT
Title And to think that I saw it on Mulberry Street /
Statement of responsibility, etc. by Dr. Seuss.
250 ## - EDITION STATEMENT
Edition statement Published in 1989
260 ## - PUBLICATION, DISTRIBUTION, ETC.
Place of publication, distribution, etc. New York :
Name of publisher, distributor, etc. Random House,
Date of publication, distribution, etc. 1937
300 ## - PHYSICAL DESCRIPTION
Extent 38 unnumbered pages :
Other physical details color illustrations ;
Dimensions 29 cm
500 ## - GENERAL NOTE
General note "A Vanguard Press book."
505 ## - FORMATTED CONTENTS NOTE
Formatted contents note J<br/>
520 ## - SUMMARY, ETC.
Summary, etc. A boy imagines a series of incredible sights on his way home from school so that he will have an interesting report to give his father.
521 8# - TARGET AUDIENCE NOTE
Target audience note 500<br/>
Source Lexile<br/>
521 8# - TARGET AUDIENCE NOTE
Target audience note J<br/>
Source Raz-Plus<br/>
650 #1 - SUBJECT ADDED ENTRY--TOPICAL TERM
Topical term or geographic name entry element Imagination
General subdivision Fiction.
650 #1 - SUBJECT ADDED ENTRY--TOPICAL TERM
Topical term or geographic name entry element Stories in rhyme.
906 ## - LOCAL DATA ELEMENT F, LDF (RLIN)
a 7
b cbc
c orignew
d 1
e ocip
f 19
g y-gencatlg
942 ## - ADDED ENTRY ELEMENTS (KOHA)
Source of classification or shelving scheme Dewey Decimal Classification
Koha item type Books
Suppress in OPAC No
Holdings
Withdrawn status Lost status Source of classification or shelving scheme Damaged status Not for loan Collection Home library Current library Shelving location Date acquired Total Checkouts Full call number Barcode Date last seen Price effective from Koha item type Copy number
    Dewey Decimal Classification   Staff Collection Juvenile Fiction Footprints International School Library Network Toul Kork Campus Footprints International School Library Network Toul Kork Campus TK Primary Library Room(4th Floor), Bookcase 1&2, Shelves 1-16, Dark Blue Books 12/08/2023   SEU Fic PZ8.G276 FISTK01449 12/08/2023 12/08/2023 Books  
    Dewey Decimal Classification     Juvenile Fiction Footprints International School Library Network Toul Tom Poung Campus Footprints International School Library Network Toul Tom Poung Campus TTP Primary Dark Blue Bookshelves 08/28/2025   SEU Fic PZ8.G276 FIS03326 08/28/2025 08/28/2025 Books 2